000
00318nam a22001337a 4500
008
170905b xxu||||| |||| 00| 0 eng d
020
_a
9780072862935
041
_a
eng
080
_2
3 ED
_a
070
100
_a
40
101
_a
MED
245
_a
FUNDAMENTALS OF HUMAN COMMUNIC\ATION
_c
DEFLEUR.M.H
942
_2
udc
_c
BK
999
_c
26199
_d
26199